000 nam a22 7a 4500
999 _c7265
_d7265
008 170801b xxu||||| |||| 00| 0 eng d
100 _93812
_aCBSE
245 _aScience Physics Class -X
260 _aNew Delhi
_bRachna
_c2008